| 000 | 01033cam a2200193 4500 | ||
|---|---|---|---|
| 001 | WB3914-05 | ||
| 008 | 030408n2003 000 0 eng u | ||
| 035 | _a(Sirsi) u121927 | ||
| 245 | _aConservation officers struggle | ||
| 260 | _c2003 | ||
| 490 |
_aEnglish Heritage Press Release _v28 March 2003 (2) |
||
| 520 | _aAn English Heritage survey reveals that conservation officers are failing to protect and promote England's historic environment because they are over-worked and under-resourced. Over 80% of survey respondents said they have no time to enforce repairs or prosecute illegal alterations. "Local authority conservation provision in England" available at www.english-heritage.org.uk/default.asp?WCI=WebItem&WCE=3386. www.english-heritage.org.uk/default.asp?WCI=NewsItem&WCE=258. | ||
| 590 | _aWB | ||
| 650 | _aCONSERVATION MANAGEMENT | ||
| 650 | _aCONSERVATION OFFICERS | ||
| 650 | _aHISTORIC ENVIRONMENT | ||
| 690 | _aBUILT ENVIRONMENT-BUILDING MAINTENANCE AND REFURBISHMENT-BUILDING CONSERVATION | ||
| 942 | _n0 | ||
| 999 |
_c72462 _d72462 |
||